| 000 | 00387cam a22001334a 4500 | ||
|---|---|---|---|
| 020 | _a0766812383 (pbk./CDROM) | ||
| 050 | 0 | 0 |
_aT357 _b.K 35 |
| 100 | 1 | _aKalameja, Alan J. | |
| 245 | 1 | 4 |
_aThe AutoCAD 2000 tutor for engineering graphics / _cAlan J. Kalameja. |
| 260 |
_aAlbany, NY : _bAutodesk Press, _cc2000. |
||
| 300 | _axxxii, 1371 p. : | ||
| 500 | _aIncludes index. | ||
| 942 |
_2lcc _cGEN |
||
| 999 |
_c15253 _d15253 |
||